Po prijímacích skúškach na vysoké školy Hovoríme s rektorom VŠE v Bratislave prof. dr. Ladislavom Rendošom, DrSc

Bibliographic Details
Main Authors: Rendoš, Ladislav, 1924-1992 (Author), Meško, Jaroslav, 1927-1983 (Author)
Format: Article
Language:Slovak
Subjects:

MARC

LEADER 00000nab a2200000 a 4500
001 vtls000150683
003 SK-MaSNL
005 20260303224855.0
008 111104c1983 xo 0 slo
015 |a SNBRB19rr/mm-uuuuu 
035 |a CL0160790 
040 |a SNKBUCL  |b slo  |c SNKBUCL  |e AACR2 
041 0 |a slo 
044 |a xo  |c SK 
080 |a 378.633  |2 1981 
100 1 |a Rendoš, Ladislav,  |d 1924-1992  |4 aut  |9 151265 
245 1 0 |a Po prijímacích skúškach na vysoké školy  |b Hovoríme s rektorom VŠE v Bratislave prof. dr. Ladislavom Rendošom, DrSc  |c Ladislav Rendoš, Jaroslav Meško 
610 2 7 |a Vysoká škola ekonomická v Bratislave  |2 snkbucl  |9 160388 
651 7 |a 5100  |2 snkbucl  |9 166206 
655 7 |a články z novín a časopisov  |2 snkbucl  |9 267496 
700 1 |a Meško, Jaroslav,  |d 1927-1983  |4 aut  |9 234120 
773 0 |t Pravda  |g Roč. 64, č. 160 (9. 7. 1983), s. 2 
850 |a Slovenská národná knižnica v Martine  |a MTA001 
852 |a SNK  |b KIS3GCP 
958 |a RK 
992 |a RBX 
999 |c 2254521  |d 2256451